Για καλό και για κακό : ευχή και κατάρα στον λαϊκό λόγο
Αποθηκεύτηκε σε:
| Κύριος συγγραφέας: | |
|---|---|
| Μορφή: | Βιβλίο |
| Γλώσσα: | Greek |
| Δημοσίευση: |
[Αθήνα] :
Δημοσιογραφικός Οργανισμός Λαμπράκη,
c2013
|
| Σειρά: | Ελληνική λαϊκή σοφία
|
| Θέματα: | |
| Ετικέτες: |
Προσθήκη ετικέτας
Δεν υπάρχουν, Καταχωρήστε ετικέτα πρώτοι!
|
MARC
| LEADER | 00000cam a2200000 i 4500 | ||
|---|---|---|---|
| 001 | 1/65702 | ||
| 008 | 150203s2013 gre d | ||
| 020 | |a 978-960-503-401-6 | ||
| 035 | |l 10120842 | ||
| 040 | |a GR-MY-UA |b gre |e aacr | ||
| 041 | 0 | |a gre | |
| 082 | 0 | |a 398.989 |2 (23) | |
| 100 | 1 | |a Ρηγάτος, Γεράσιμος Α., |d 1945- | |
| 245 | 1 | 0 | |a Για καλό και για κακό : |b ευχή και κατάρα στον λαϊκό λόγο / |c Γεράσιμος Α. Ρηγάτος |
| 260 | |a [Αθήνα] : |b Δημοσιογραφικός Οργανισμός Λαμπράκη, |c c2013 | ||
| 300 | |a 181 σ.; |c 20 εκ. | ||
| 490 | 1 | |a Ελληνική λαϊκή σοφία | |
| 504 | |a Βιβλιογραφία: σ. 169-175. Ευρετήριο | ||
| 650 | 0 | 0 | |a Proverbs, Greek (Modern) |
| 650 | 0 | 0 | |a Folklore |z Greece. |
| 852 | |a INST |b SYROS |e 20150203 |h 398.989 ΡΗΓ |p 005500012177 |q 005500012177 |t BK |y 0 | ||
| 901 | |a BIBL5-2015-1 | ||
| 909 | |a Ε |b 187344 | ||
| 970 | |a ΚΟΝΤΟΥ |b ΠΑΡΑΣΚΕΥΗ |z 2015/02/03 | ||